<?xml version="1.0" encoding="UTF-8"?>
<record
    xmlns:xsi="http://www.w3.org/2001/XMLSchema-instance"
    xsi:schemaLocation="http://www.loc.gov/MARC21/slim http://www.loc.gov/standards/marcxml/schema/MARC21slim.xsd"
    xmlns="http://www.loc.gov/MARC21/slim">

  <leader>00380    a2200157   4500</leader>
  <controlfield tag="005">20250509110953.0</controlfield>
  <controlfield tag="008">250509b        |||||||| |||| 00| 0 eng d</controlfield>
  <datafield tag="020" ind1=" " ind2=" ">
    <subfield code="a">9789360531027</subfield>
  </datafield>
  <datafield tag="041" ind1=" " ind2=" ">
    <subfield code="a">English</subfield>
  </datafield>
  <datafield tag="100" ind1=" " ind2=" ">
    <subfield code="a">Lambert K.A.</subfield>
  </datafield>
  <datafield tag="245" ind1=" " ind2=" ">
    <subfield code="a">Fundamentals Of Python First Programs</subfield>
  </datafield>
  <datafield tag="250" ind1=" " ind2=" ">
    <subfield code="a">3rd</subfield>
  </datafield>
  <datafield tag="260" ind1=" " ind2=" ">
    <subfield code="b">Cengage Learning India</subfield>
    <subfield code="c">2024</subfield>
  </datafield>
  <datafield tag="300" ind1=" " ind2=" ">
    <subfield code="a">460</subfield>
  </datafield>
  <datafield tag="942" ind1=" " ind2=" ">
    <subfield code="c">BK</subfield>
  </datafield>
  <datafield tag="999" ind1=" " ind2=" ">
    <subfield code="c">359758</subfield>
    <subfield code="d">359758</subfield>
  </datafield>
  <datafield tag="952" ind1=" " ind2=" ">
    <subfield code="0">0</subfield>
    <subfield code="1">0</subfield>
    <subfield code="2">ddc</subfield>
    <subfield code="4">0</subfield>
    <subfield code="7">0</subfield>
    <subfield code="a">CCEP</subfield>
    <subfield code="b">CCEP</subfield>
    <subfield code="d">2024-10-03</subfield>
    <subfield code="e">87</subfield>
    <subfield code="g">446.25</subfield>
    <subfield code="l">5</subfield>
    <subfield code="o">005.13'3 LAM</subfield>
    <subfield code="p">CCEP-BK-67470</subfield>
    <subfield code="r">2026-03-05 17:08:02</subfield>
    <subfield code="s">2026-02-20</subfield>
    <subfield code="v">595.00</subfield>
    <subfield code="w">2024-10-03</subfield>
    <subfield code="y">BK</subfield>
  </datafield>
  <datafield tag="952" ind1=" " ind2=" ">
    <subfield code="0">0</subfield>
    <subfield code="1">0</subfield>
    <subfield code="2">ddc</subfield>
    <subfield code="4">0</subfield>
    <subfield code="7">0</subfield>
    <subfield code="a">CCEP</subfield>
    <subfield code="b">CCEP</subfield>
    <subfield code="d">2024-10-03</subfield>
    <subfield code="e">87</subfield>
    <subfield code="g">446.25</subfield>
    <subfield code="l">4</subfield>
    <subfield code="o">005.13'3 LAM</subfield>
    <subfield code="p">CCEP-BK-67469</subfield>
    <subfield code="r">2026-03-04 16:13:57</subfield>
    <subfield code="s">2026-02-20</subfield>
    <subfield code="v">595.00</subfield>
    <subfield code="w">2024-10-03</subfield>
    <subfield code="y">BK</subfield>
  </datafield>
  <datafield tag="952" ind1=" " ind2=" ">
    <subfield code="0">0</subfield>
    <subfield code="1">0</subfield>
    <subfield code="2">ddc</subfield>
    <subfield code="4">0</subfield>
    <subfield code="7">0</subfield>
    <subfield code="a">CCEP</subfield>
    <subfield code="b">CCEP</subfield>
    <subfield code="d">2025-03-12</subfield>
    <subfield code="e">63</subfield>
    <subfield code="g">446.25</subfield>
    <subfield code="l">2</subfield>
    <subfield code="o">005.13'3 LAM</subfield>
    <subfield code="p">CCEP-BK-68548</subfield>
    <subfield code="q">2026-04-08</subfield>
    <subfield code="r">2026-03-25 17:47:18</subfield>
    <subfield code="s">2026-03-25</subfield>
    <subfield code="v">595.00</subfield>
    <subfield code="w">2025-03-12</subfield>
    <subfield code="y">BK</subfield>
  </datafield>
  <datafield tag="952" ind1=" " ind2=" ">
    <subfield code="0">0</subfield>
    <subfield code="1">0</subfield>
    <subfield code="2">ddc</subfield>
    <subfield code="4">0</subfield>
    <subfield code="7">0</subfield>
    <subfield code="a">CCEP</subfield>
    <subfield code="b">CCEP</subfield>
    <subfield code="d">2025-03-12</subfield>
    <subfield code="e">63</subfield>
    <subfield code="g">446.25</subfield>
    <subfield code="l">0</subfield>
    <subfield code="o">005.13'3 LAM</subfield>
    <subfield code="p">CCEP-BK-68552</subfield>
    <subfield code="r">2025-03-12 00:00:00</subfield>
    <subfield code="v">595.00</subfield>
    <subfield code="w">2025-03-12</subfield>
    <subfield code="y">BK</subfield>
  </datafield>
  <datafield tag="952" ind1=" " ind2=" ">
    <subfield code="0">0</subfield>
    <subfield code="1">0</subfield>
    <subfield code="2">ddc</subfield>
    <subfield code="4">0</subfield>
    <subfield code="7">0</subfield>
    <subfield code="a">CCEP</subfield>
    <subfield code="b">CCEP</subfield>
    <subfield code="d">2025-03-12</subfield>
    <subfield code="e">63</subfield>
    <subfield code="g">446.25</subfield>
    <subfield code="l">1</subfield>
    <subfield code="o">005.13'3 LAM</subfield>
    <subfield code="p">CCEP-BK-68550</subfield>
    <subfield code="q">2026-06-29</subfield>
    <subfield code="r">2025-12-29 10:41:22</subfield>
    <subfield code="s">2025-12-29</subfield>
    <subfield code="v">595.00</subfield>
    <subfield code="w">2025-03-12</subfield>
    <subfield code="y">BK</subfield>
  </datafield>
  <datafield tag="952" ind1=" " ind2=" ">
    <subfield code="0">0</subfield>
    <subfield code="1">0</subfield>
    <subfield code="2">ddc</subfield>
    <subfield code="4">0</subfield>
    <subfield code="7">0</subfield>
    <subfield code="a">CCEP</subfield>
    <subfield code="b">CCEP</subfield>
    <subfield code="d">2025-03-12</subfield>
    <subfield code="e">63</subfield>
    <subfield code="g">446.25</subfield>
    <subfield code="l">2</subfield>
    <subfield code="o">005.13'3 LAM</subfield>
    <subfield code="p">CCEP-BK-68549</subfield>
    <subfield code="q">2026-04-15</subfield>
    <subfield code="r">2026-03-31 14:29:57</subfield>
    <subfield code="s">2026-03-31</subfield>
    <subfield code="v">595.00</subfield>
    <subfield code="w">2025-03-12</subfield>
    <subfield code="y">BK</subfield>
  </datafield>
  <datafield tag="952" ind1=" " ind2=" ">
    <subfield code="0">0</subfield>
    <subfield code="1">0</subfield>
    <subfield code="2">ddc</subfield>
    <subfield code="4">0</subfield>
    <subfield code="7">0</subfield>
    <subfield code="a">CCEP</subfield>
    <subfield code="b">CCEP</subfield>
    <subfield code="d">2025-03-12</subfield>
    <subfield code="e">63</subfield>
    <subfield code="g">446.25</subfield>
    <subfield code="l">1</subfield>
    <subfield code="o">005.13'3 LAM</subfield>
    <subfield code="p">CCEP-BK-68551</subfield>
    <subfield code="r">2026-03-05 11:20:25</subfield>
    <subfield code="s">2026-02-20</subfield>
    <subfield code="v">595.00</subfield>
    <subfield code="w">2025-03-12</subfield>
    <subfield code="y">BK</subfield>
  </datafield>
</record>
